[Event "HUN-chT U18"]
[Site "Budapest"]
[Date "2022.11.03"]
[Round "7.1"]
[White "Kreiter, Lilla"]
[Black "Arvai, Benedek"]
[Result "1/2-1/2"]
[WhiteElo "1422"]
[BlackElo "1570"]
[PlyCount "36"]
[EventDate "2022.10.31"]
[EventType "team-swiss"]
[EventRounds "7"]
[EventCountry "HUN"]
[SourceTitle "CBM 211 Extra"]
[Source "ChessBase"]
[SourceDate "2023.01.31"]
[SourceVersion "1"]
[SourceVersionDate "2023.01.31"]
[SourceQuality "1"]
[WhiteTeam "Barcza GSC II"]
[BlackTeam "Varosgazda Akademia II"]
[WhiteTeamCountry "HUN"]
[BlackTeamCountry "HUN"]

1. g3 Nf6 2. Bg2 d5 3. Nf3 Bf5 4. d3 e6 5. 0-0 Be7 6. Bf4 0-0 7. Nbd2 c5 8. c4 Nc6 9. cxd5 exd5 10. Re1 Bd6 11. Bxd6 Qxd6 12. e4 dxe4 13. dxe4 Bg4 14. h3 Bxf3 15. Nxf3 Qc7 16. a3 Rfe8 17. Qc2 Rad8 18. Re3 b6 1/2-1/2

[Event "HUN-chT2 Erkel 1819"]
[Site "Hungary"]
[Date "2019.02.24"]
[Round "6.12"]
[White "Geresdi Horvath, Agoston"]
[Black "Arvai, Benedek"]
[Result "0-1"]
[WhiteElo "1428"]
[BlackElo "1450"]
[PlyCount "98"]
[EventDate "2018.10.28"]
[EventType "team-tourn"]
[EventRounds "9"]
[EventCountry "HUN"]
[SourceTitle "EXT 2021"]
[Source "ChessBase"]
[SourceDate "2020.10.23"]
[SourceVersion "1"]
[SourceVersionDate "2020.10.23"]
[SourceQuality "1"]
[WhiteTeam "Pestszentlorinc"]
[BlackTeam "Varosgazda Akademia"]
[WhiteTeamCountry "HUN"]
[BlackTeamCountry "HUN"]

1. Nf3 Nf6 2. c4 e6 3. d4 d5 4. Nc3 c6 5. Bg5 Nbd7 6. e3 Qa5 7. Qc2 Ne4 8. Bf4 Bb4 9. Rc1 Qxa2 10. Bd3 Nxc3 11. bxc3 Qxc2 12. Rxc2 Be7 13. 0-0 0-0 14. c5 b6 15. cxb6 axb6 16. Rb1 Ba6 17. Bxa6 Rxa6 18. Ne5 Nxe5 19. Bxe5 Rfa8 20. g3 Ra1 21. Rcb2 Rxb1+ 22. Rxb1 Bd8 23. Bd6 f6 24. Kg2 Kf7 25. Kf3 Ke8 26. e4 Kd7 27. Bf8 g6 28. exd5 exd5 29. Re1 f5 30. h4 Bf6 31. Bb4 Rc8 32. Re3 c5 33. dxc5 bxc5 34. Ba3 d4 35. cxd4 cxd4 36. Rd3 Rc3 37. Rxc3 dxc3 38. Ke2 Kc6 39. Kd3 Kb5 40. Bc1 Kb4 41. Kc2 Bd4 42. f3 Be5 43. Bg5 Bxg3 44. Be7+ Kc4 45. Bf6 Bf2 46. Bg5 Kd4 47. Bf6+ Ke3 48. Bg5+ Kxf3 49. Kxc3 Kg4 0-1

[Event "HUN-chT2 Erkel 1819"]
[Site "Hungary"]
[Date "2018.11.18"]
[Round "2.12"]
[White "Arvai, Benedek"]
[Black "Bartok, David Dominik"]
[Result "0-1"]
[WhiteElo "1450"]
[BlackElo "1728"]
[PlyCount "60"]
[EventDate "2018.10.28"]
[EventType "team-tourn"]
[EventRounds "9"]
[EventCountry "HUN"]
[SourceTitle "EXT 2021"]
[Source "ChessBase"]
[SourceDate "2020.10.23"]
[SourceVersion "1"]
[SourceVersionDate "2020.10.23"]
[SourceQuality "1"]
[WhiteTeam "Varosgazda Akademia"]
[BlackTeam "Gyongyos Energia"]
[WhiteTeamCountry "HUN"]
[BlackTeamCountry "HUN"]

1. e4 d5 2. exd5 Qxd5 3. Nc3 Qa5 4. Nf3 Nf6 5. Bc4 Bf5 6. 0-0 e6 7. d3 c6 8. Re1 Be7 9. Bf4 0-0 10. h3 Nbd7 11. Qd2 Qb6 12. Bb3 Rfe8 13. Rab1 Nd5 14. Nxd5 cxd5 15. c3 Nc5 16. Bc2 Qa6 17. d4 Bxc2 18. Qxc2 Nd3 19. Bd2 Nxe1 20. Rxe1 Qxa2 21. Ng5 Bxg5 22. Bxg5 Qc4 23. Re3 Rac8 24. Rg3 Qxd4 25. Qe2 Qe4 26. Qh5 Qf5 27. Qh4 Rc4 28. Rg4 Rxg4 29. hxg4 Qb1+ 30. Kh2 Qxb2 0-1

[Event "Gyor Amateur op 11th"]
[Site "Gyor"]
[Date "2018.01.07"]
[Round "6"]
[White "Zsirai, Balint"]
[Black "Arvai, Benedek"]
[Result "0-1"]
[WhiteElo "1176"]
[BlackElo "1284"]
[PlyCount "120"]
[EventDate "2018.01.06"]
[EventType "swiss"]
[EventRounds "6"]
[EventCountry "HUN"]
[SourceTitle "EXT 2019"]
[Source "ChessBase"]
[SourceDate "2018.10.10"]
[SourceVersion "1"]
[SourceVersionDate "2018.10.10"]
[SourceQuality "1"]

1. e4 c5 2. Nc3 Nc6 3. Nf3 g6 4. Bb5 Bg7 5. Bxc6 bxc6 6. 0-0 Nf6 7. e5 Nh5 8. Ne4 Qb6 9. Qe2 0-0 10. Qe3 Ba6 11. d3 c4 12. Qxb6 axb6 13. dxc4 Bxc4 14. Rd1 Rfd8 15. b3 Be2 16. Re1 Bxf3 17. gxf3 Bxe5 18. c3 Bg7 19. Bb2 Nf4 20. Red1 d5 21. Ng3 h5 22. a4 h4 23. Nh1 Ne2+ 24. Kf1 Nxc3 25. Rdc1 d4 26. Bxc3 dxc3 27. Ra2 b5 28. Re1 e6 29. Re4 g5 30. Rg4 Bf6 31. f4 Rd1+ 32. Kg2 Rd2 33. Ra1 c2 34. Rc1 Bb2 35. Rxc2 Rxc2 36. Rxg5+ Kf8 37. axb5 cxb5 38. Rxb5 Ra3 39. Rb8+ Kg7 40. Ng3 hxg3 41. hxg3 Bd4 42. Kh3 Rxf2 43. g4 Rf3+ 44. Kh4 Bf2+ 45. Kg5 Ra5+ 46. f5 exf5 47. gxf5 Raxf5+ 48. Kg4 R5f4+ 49. Kh5 Rh3+ 50. Kg5 Rf6 51. Rg8+ Kxg8 52. Kxf6 Re3 53. b4 Kf8 54. b5 Re1 55. b6 Bxb6 56. Kf5 Ke7 57. Kf4 Kd6 58. Kf3 Ba5 59. Kf4 Bc7 60. Kf3 Ke5 0-1

[Event "Gyor Amateur op 11th"]
[Site "Gyor"]
[Date "2018.01.06"]
[Round "2"]
[White "Dobronte, Laszlo"]
[Black "Arvai, Benedek"]
[Result "1-0"]
[WhiteElo "1567"]
[BlackElo "1284"]
[PlyCount "65"]
[EventDate "2018.01.06"]
[EventType "swiss"]
[EventRounds "6"]
[EventCountry "HUN"]
[SourceTitle "EXT 2019"]
[Source "ChessBase"]
[SourceDate "2018.10.10"]
[SourceVersion "1"]
[SourceVersionDate "2018.10.10"]
[SourceQuality "1"]

1. e4 c5 2. Nf3 Nc6 3. d4 cxd4 4. Nxd4 g6 5. Nc3 Bg7 6. Be3 Nf6 7. Bc4 0-0 8. 0-0 d6 9. h3 Bd7 10. Qd2 a6 11. a4 Qc7 12. Bb3 Rac8 13. f4 e6 14. f5 Nxd4 15. Bxd4 exf5 16. exf5 Bxf5 17. Qf2 Ne4 18. Nxe4 Bxe4 19. Bxg7 Kxg7 20. Qd4+ Kg8 21. Qxe4 Qc5+ 22. Kh1 d5 23. Qxd5 Qxd5 24. Bxd5 Rxc2 25. Bxb7 Rxb2 26. Bxa6 Rd8 27. Rfe1 Rdd2 28. Bf1 Kg7 29. a5 Rd8 30. a6 Ra8 31. Re2 Rxe2 32. Bxe2 Ra7 33. Rb1 1-0